000 00540cam a2200217 4500
008 090401t1970 xxu||||| |||| 00| 0 eng d
020 _a0214652459
035 _a(Sirsi) u80165
041 _aeng
050 _a745.103
100 _aSavage, George
245 _aDictionary of antiques.
260 _aLondon
_bBarrie & Jenkins
_c1970
300 _aix,534p. : ill. ; 26cm.
350 _a4
650 _aArts and antiques
_96217
650 _aDICTIONARIES
690 _aArts and antiques
_96217
942 _n0
948 _c08/08/1997
999 _c96604
_d96604